Non-Bordering Countries Closest to France - Statistics

General Stats
  • This quiz has been taken 1,446 times
  • The average score is 17 of 20
Answer Stats
km Country miles % Correct
33 United Kingdom 21
98%
412 Portugal 256
96%
432 Ireland 268
95%
148 Austria 92
94%
588 Denmark 365
94%
430 Slovenia 267
93%
61 Netherlands 38
92%
517 Poland 321
92%
259 San Marino 161
92%
313 Czech Republic 195
91%
240 Vatican City 149
91%
635 Slovakia 395
90%
403 Croatia 251
88%
623 Hungary 387
85%
150 Liechtenstein 93
82%
543 Bosnia and Herzegovina 337
79%
730 Malta 454
79%
495 Algeria 307
77%
450 Tunisia 280
75%
730 Montenegro 453
62%
No matching quizzes found
Score Distribution
Percent of People with Each Score
Percentile by Number Answered
Your Score History
You have not taken this quiz